000 00709nam a2200265Ia 4500
003 OSt
005 20221006151021.0
006 a|||||r|||| 00| 0
007 ta
008 221006b |||||||| |||| 00| 0 jpn d
020 _c¥1200
024 _a20,658
037 _bGift, Japan Foundation
_cTextual
040 _aEASL
_cEASL
_bjpn
041 _2jpn
_ajpn
082 _aX61.42.M68, M5
100 _aKITAHARA Susumu
_9658112
245 0 _aEdo no fudasachi
260 _aTokyo
_bYoshikawa Kobon Japan
_c1985
300 _a210p.
_ccm.
490 _v JL
650 _aJL
942 _hX61.42.M68, M5
_cTEXL
_2CC
999 _c1088744
_d1088744